Регионална библиотека "Любен Каравелов" - Русе

Ангелски езици (Запис номер 62389)

MARC детайли
000 -Лидер
Контролно поле с фиксирана дължина 01316nam a2200349 a 4500
003 - Код на организацията, давaща контролен номер
Контролно поле BLK
005 - Дата и час на последна редакция
Контролно поле 20241114155458.0
008 - Елементи от данни с фиксирана дължина
fixed length control field 180408b bul|||||r ||||||| ||bul||
010 ## - Наследен системен номер
LC control number KNG00066613000
020 ## - Международен стандартен номер на книга ISBN
Международен стандартен номер на книга ISBN 9789543200603
040 ## - Източник на каталожния запис
Идентификатор на билиотеката - собственик на записа BLK
041 ## - Код за език
Код за езика на текст/звукозапис или на отделно заглавие Български
Код за езика КДБФ Български
080 ## - УДК
Текстов определител УДК Българска литература
УДК код - определител по УДК 821.163.2
УДК определител -054.7-31
УДК - код + определител 821.163.2-054.7-31
080 ## - УДК
Текстов определител УДК Австрийска литература
УДК код - определител по УДК 821.112(436)
УДК определител -31
УДК - код + определител 821.112(436)-31
100 1# - Редна дума - Автор
Автор Динев, Димитър
Авторска отговорност първи автор
R(LIN) 290746
139 ## - Редно поле
Редна дума Динев, Димитър
Авторски знак Дин - Д 62
245 10 - Сведения за заглавието
Заглавие Ангелски езици
Подзаглавни данни Роман
Редно поле (дума) Димитър Динев; прев. от нем. Гергана Иванова Фъркова.
257 ## - Страна на издаване
Страна на създаване/издаване България
260 ## - Област на издателските данни
Име на издателя, разпространителя и проч. Рива
Година на издаване 2006
Печатница В. Търново : Абагар
300 ## - Физическа характеристика
Страници 584 с.
Размери/Мащаб 22 см
380 ## - Жанр
Жанр Худож. лит.
500 ## - Общи забележки
Забележка Ориг. загл. Engelszungen / Dimitre Dinev. - Офс. изд. - Съдържа и за авт.
653 ## - Ключова дума – ненормативна
Ключова дума романи
700 1# - Други автори (авторска отговорност)
Лично име Фъркова, Гергана Иванова
9 (RLIN) 262367
852 ## - Местоположение
Форматна сигнатура Цб 228220
856 4# - Електронен адрес и достъп
Електронен формат pdf - файл
856 4# - Електронен адрес и достъп
Електронен формат pdf - файл
999 ## - СИСТЕМНИ КОНТРОЛНИ НОМЕРА
Koha biblionumber 62389
Koha biblioitemnumber 62389
942 ## - АРТИКУЛИ
Вид на библиотечния материал Книги
Скрит в OPAC Не
Koha issues (borrowed), all copies 16
Периодичен библиозапис Да
944 ## - СЪЗДАВАНЕ И РЕДАКЦИЯ на ЗАПИСА
Създаване/Редакция Създаване
Дата на регистрацията/редакция 22.06.2006
Статус, дата на статуса Мартин Енчев
Служител, извършил регистрацията/редакцията 30575
944 ## - СЪЗДАВАНЕ И РЕДАКЦИЯ на ЗАПИСА
Създаване/Редакция Редакция
Дата на регистрацията/редакция 14.04.2010
Статус, дата на статуса ф /
999 ## - СИСТЕМНИ КОНТРОЛНИ НОМЕРА
Koha biblioitemnumber 62389
Наличности
Код за отписване Код за изгубен артикул Източник на класификационната схема Код за повреда Коз за рестрикции Код за отдаване Артикулен № Име на библиотеката - собственик Име на библиотеката, в която се намира в момента Статус (Текущо местоположение) Дата на вписване в системата Местоположение - отдел Цена в лева Инвентарен номер Систематично азбучна сигнатура Баркод Номер на екземпляра Цена в евро Служебна бележка Служебен тип на артикула
  Не е изгубен Universal Decimal Classification Не е повреден без рестрикции заемане за дома 103658 Регионална библиотека "Любен Каравелов" Русе Регионална библиотека "Любен Каравелов" Русе Заемна - подръчен фонд 2006-06-22 Заемна - подръчен фонд 15.00 120000703297 П 830-31/Д 62 120000703297 1 7.67 Дост: Pk Вид: Ф N: 10 Дата: 22.06.2006 Дата инв: 15.02.2018 Бележки инв: П2018 Книги
  Не е изгубен   Не е повреден без рестрикции ползва се в читалня 103659 Регионална библиотека "Любен Каравелов" Русе Регионална библиотека "Любен Каравелов" Русе Хранилище 2007-11-14 Хранилище 15.00 120000719742 Цб 228220 120000719742 2 7.67 Дост: Dp Вид: Д N: 29 Дата: 27.06.2007 Книги
Изтеглен Не е изгубен Universal Decimal Classification Не е повреден без рестрикции заемане за дома 103660 Регионална библиотека "Любен Каравелов" Русе Регионална библиотека "Любен Каравелов" Русе Заемна - подръчен фонд 2008-10-04 Заемна - подръчен фонд 15.00 120000730308 П 830-31/Д 62 120000730308 3 7.67 Дост: Pk Вид: Ф N: 8545 Дата: 03.10.2008 Дата инв: 13.02.2018 Бележки инв: П2018 Книги
  Не е изгубен Universal Decimal Classification Не е повреден без рестрикции заемане за дома 103661 Регионална библиотека "Любен Каравелов" Русе Регионална библиотека "Любен Каравелов" Русе Заемна - подръчен фонд 2010-03-29 Заемна - подръчен фонд 15.00 120000742973 П 830-31/Д 62 120000742973 4 7.67 Дост: DA Вид: А N: 10 Дата: 29.03.2010 Дата инв: 13.02.2018 Бележки инв: П2018 Книги
  Не е изгубен Universal Decimal Classification Не е повреден без рестрикции заемане за дома 103662 Регионална библиотека "Любен Каравелов" Русе Регионална библиотека "Любен Каравелов" Русе Заемна - подръчен фонд 2010-03-29 Заемна - подръчен фонд 15.00 120000742974 П 830-31/Д 62 120000742974 5 7.67 Дост: DA Вид: А N: 10 Дата: 29.03.2010 Дата инв: 13.02.2018 Бележки инв: П2018 Книги
Vip Innovations Ltd, Rousse, Bulgaria 2025